Imre binah. (Record no. 32715)

MARC details
000 -LEADER
fixed length control field 00812cam a22002771 4500
001 - CONTROL NUMBER
control field he 67002045
003 - CONTROL NUMBER IDENTIFIER
control field DLC
005 - DATE AND TIME OF LATEST TRANSACTION
control field 20260227111451.0
008 - FIXED-LENGTH DATA ELEMENTS--GENERAL INFORMATION
fixed length control field 831214s1963 nyu 000 0 heb
010 ## - LIBRARY OF CONGRESS CONTROL NUMBER
LC control number he 67002045
035 ## - SYSTEM CONTROL NUMBER
System control number (OCoLC)19140039
040 ## - CATALOGING SOURCE
Original cataloging agency DLC
Transcribing agency MH
Modifying agency DLC
042 ## - AUTHENTICATION CODE
Authentication code premarc
050 00 - LIBRARY OF CONGRESS CALL NUMBER
Classification number BM520.88
Item number .A85 1963
100 1# - MAIN ENTRY--PERSONAL NAME
Personal name Auerbach, Meir ben Isaac,
Dates associated with a name 1815-1878.
245 10 - TITLE STATEMENT
Title Imre binah.
260 ## - PUBLICATION, DISTRIBUTION, ETC.
Place of publication, distribution, etc. New York :
Name of publisher, distributor, etc. Grossman,
Date of publication, distribution, etc. [1963 or 1964]
300 ## - PHYSICAL DESCRIPTION
Extent 2 v. ;
Dimensions 34 cm.
500 ## - GENERAL NOTE
General note Vol. 1 without date.
500 ## - GENERAL NOTE
General note Photo-offset of Jerusalem, 1871-1876 ed.
600 10 - SUBJECT ADDED ENTRY--PERSONAL NAME
Personal name Karo, Joseph ben Ephraim,
Dates associated with a name 1488-1575.
Title of a work Shulḥan ʻarukh.
650 #0 - SUBJECT ADDED ENTRY--TOPICAL TERM
Topical term or geographic name entry element Jewish law.
650 #0 - SUBJECT ADDED ENTRY--TOPICAL TERM
Topical term or geographic name entry element Responsa
Chronological subdivision 1800-1948.
752 ## - ADDED ENTRY--HIERARCHICAL PLACE NAME
Country or larger entity Israel
City Jerusalem
752 ## - ADDED ENTRY--HIERARCHICAL PLACE NAME
Country or larger entity United States
First-order political jurisdiction New York
City New York

No items available.

Powered by Koha